000 00691nam a2200241Ia 4500
001 2909
003 GE_BSU
008 181216s||||||||xx |||||||||||||| ||und||
020 _a5862253165
040 _cGE_BSU
080 _a6587.1+338(075.8)
100 _aБусыгин, А.В.
245 _aПредпринимательство. Основной курс:
245 _bУчебик для вузов.
245 _cред. С.М.Рыловский
260 _aМосква
260 _bИНФРА
260 _c1998
300 _a608 ст. 21 см
541 _h15 л.60 Т
653 _aПредпринимательство. Основной курс
942 _cBK
999 _c36957
_d36957